000 00640cam a2200217 a 4500
001 000007662
005 20200929154242.0
008 780628t1976 mx 001 0 spa
040 _aDO-SdBNP
_cDLC
_dDLC
_dBNPHU
082 _aM863
_bF962a, 1976
100 1 _aFulana de Tal.
_921241
245 1 0 _aAnecdotario de una vida inútil, pero divertida /
_cFulana de Tal.
250 _a4a ed.
260 _aMéxico :
_bEDIAPSA,
_c1976.
_fAvelar
300 _a339 p. ;
_c22 cm.
650 4 _aNovela mexicana
_93959
650 4 _aLiteratura mexicana
_91922
650 4 _aAnécdotas
_921242
910 _aCatalogación por copia / LC
049 _aBNGR
999 _c7442
_d7442